| 000 | 00460nam a2200145Ia 4500 | ||
|---|---|---|---|
| 008 | 231129s1997||||xx |||||||||||||| ||spa|| | ||
| 020 | _a958-600-570-4 | ||
| 040 | _bspa | ||
| 082 | _a004 T625w (EN PROCESO DE DESCARTE) Vols. 1 al 10 | ||
| 100 | _aTiznado Santana Marco Antonio | ||
| 245 | 0 | _aComputacion facil para windows 95 | |
| 260 | _c1997 | ||
| 264 | _aSantafé de Bogotá Colombia: McGraw-Hill | ||
| 942 |
_2ddc _cBKS |
||
| 999 |
_c7781 _d7781 |
||